<?xml version="1.0" encoding="UTF-8"?>
<record
    xmlns:xsi="http://www.w3.org/2001/XMLSchema-instance"
    xsi:schemaLocation="http://www.loc.gov/MARC21/slim http://www.loc.gov/standards/marcxml/schema/MARC21slim.xsd"
    xmlns="http://www.loc.gov/MARC21/slim">

  <leader>01235nam a2200241Ia 4500</leader>
  <datafield tag="952" ind1=" " ind2=" ">
    <subfield code="0">0</subfield>
    <subfield code="1">0</subfield>
    <subfield code="2">lcc</subfield>
    <subfield code="4">0</subfield>
    <subfield code="7">0</subfield>
    <subfield code="a">08</subfield>
    <subfield code="b">08</subfield>
    <subfield code="d">2012-06-14</subfield>
    <subfield code="l">51</subfield>
    <subfield code="m">6</subfield>
    <subfield code="o">RC480.55 B4518 2000</subfield>
    <subfield code="p">08 004128</subfield>
    <subfield code="r">2020-03-19</subfield>
    <subfield code="s">2018-03-13</subfield>
    <subfield code="t">1</subfield>
    <subfield code="w">2012-07-20</subfield>
    <subfield code="y">LB</subfield>
  </datafield>
  <datafield tag="952" ind1=" " ind2=" ">
    <subfield code="0">0</subfield>
    <subfield code="1">0</subfield>
    <subfield code="2">lcc</subfield>
    <subfield code="4">0</subfield>
    <subfield code="7">0</subfield>
    <subfield code="a">08</subfield>
    <subfield code="b">08</subfield>
    <subfield code="d">2016-08-26</subfield>
    <subfield code="l">42</subfield>
    <subfield code="m">11</subfield>
    <subfield code="o">RC480.55 B4518 2000</subfield>
    <subfield code="p">08 005958</subfield>
    <subfield code="r">2023-05-24</subfield>
    <subfield code="s">2023-05-24</subfield>
    <subfield code="t">3</subfield>
    <subfield code="w">2016-10-28</subfield>
    <subfield code="y">LB</subfield>
  </datafield>
  <datafield tag="952" ind1=" " ind2=" ">
    <subfield code="0">0</subfield>
    <subfield code="1">0</subfield>
    <subfield code="2">lcc</subfield>
    <subfield code="4">0</subfield>
    <subfield code="7">0</subfield>
    <subfield code="a">08</subfield>
    <subfield code="b">08</subfield>
    <subfield code="d">2020-03-20</subfield>
    <subfield code="l">7</subfield>
    <subfield code="o">RC480.55 B4518 2000</subfield>
    <subfield code="p">08 004891</subfield>
    <subfield code="r">2023-07-12</subfield>
    <subfield code="s">2023-07-12</subfield>
    <subfield code="t">2</subfield>
    <subfield code="w">2020-03-20</subfield>
    <subfield code="y">HMAN</subfield>
  </datafield>
  <datafield tag="999" ind1=" " ind2=" ">
    <subfield code="c">83047</subfield>
    <subfield code="d">83047</subfield>
  </datafield>
  <controlfield tag="008">120721s2000    mx            000 0 spa d</controlfield>
  <datafield tag="020" ind1=" " ind2=" ">
    <subfield code="a">9684266057</subfield>
  </datafield>
  <datafield tag="050" ind1="0" ind2="4">
    <subfield code="a">RC480.55</subfield>
    <subfield code="b">B435 2000</subfield>
  </datafield>
  <datafield tag="100" ind1="1" ind2="0">
    <subfield code="a">Bellak, Leopold.</subfield>
    <subfield code="e">autor</subfield>
  </datafield>
  <datafield tag="245" ind1="1" ind2="3">
    <subfield code="a">Manual de psicoterapia breve, intensiva y de urgencia</subfield>
    <subfield code="c"> / Leopold Bellak , colab. David M. Abrams...[et al.] ; tr. Gloria Padilla Sierra</subfield>
  </datafield>
  <datafield tag="250" ind1=" " ind2=" ">
    <subfield code="a">2a edici&#xF3;n</subfield>
  </datafield>
  <datafield tag="260" ind1=" " ind2=" ">
    <subfield code="a">M&#xE9;xico</subfield>
    <subfield code="b">: El Manual Moderno</subfield>
    <subfield code="c">, 2000</subfield>
  </datafield>
  <datafield tag="300" ind1=" " ind2=" ">
    <subfield code="a">226 p&#xE1;ginas</subfield>
  </datafield>
  <datafield tag="500" ind1=" " ind2=" ">
    <subfield code="a">Traducci&#xF3;n de: Handbook of intensive, brief and emergency, psycho therapy.</subfield>
  </datafield>
  <datafield tag="505" ind1=" " ind2=" ">
    <subfield code="a">Pr&#xF3;positos generales
Diez transtornos psiqui&#xE1;tricos m&#xE1;s frecuentes como paradigma
T.A.T., C.A.T. y S.A.T.
Pbiu con ni&#xF1;os
Terapia cognoscitiva breve
</subfield>
  </datafield>
  <datafield tag="519" ind1=" " ind2=" ">
    <subfield code="a">Plan Flexible /</subfield>
    <subfield code="b">Psicolog&#xED;a /</subfield>
    <subfield code="c">Intervenci&#xF3;n en Casos de Desastre (P19-3) /</subfield>
    <subfield code="d">(08 004128)</subfield>
  </datafield>
  <datafield tag="519" ind1=" " ind2=" ">
    <subfield code="a">Educaci&#xF3;n Mixta /</subfield>
    <subfield code="b">Psicolog&#xED;a /</subfield>
    <subfield code="c">Psicoterapia Breve y de Emergencia (P22-1) /</subfield>
    <subfield code="d">(08 004891)</subfield>
  </datafield>
  <datafield tag="519" ind1=" " ind2=" ">
    <subfield code="a">Educaci&#xF3;n Mixta /</subfield>
    <subfield code="b">Psicolog&#xED;a /</subfield>
    <subfield code="c">Intervenci&#xF3;n en Caso de Desastres (P19-1) /</subfield>
    <subfield code="d">(08 005958)</subfield>
  </datafield>
  <datafield tag="650" ind1=" " ind2=" ">
    <subfield code="a">1.Psicoterapia menor - Manuales, etc.&#xCC;</subfield>
  </datafield>
  <datafield tag="700" ind1=" " ind2=" ">
    <subfield code="a">Abrams, David M.</subfield>
    <subfield code="e">colaborador</subfield>
  </datafield>
  <datafield tag="700" ind1=" " ind2=" ">
    <subfield code="a">Padilla Sierra, Gloria</subfield>
    <subfield code="e">traductor</subfield>
  </datafield>
  <datafield tag="942" ind1=" " ind2=" ">
    <subfield code="c">LB</subfield>
    <subfield code="2">lcc</subfield>
  </datafield>
</record>
